Statistics for European Football Clubs' Mottos

Click here to take the quiz!

General Stats

  • This quiz has been taken 41 times
  • The average score is 7 of 11

Answer Stats

MottoTranslationClub% Correct
You'll Never Walk Alone-Liverpool
97%
Hala MadridHail MadridReal Madrid
97%
Mes Que Un ClubMore Than A ClubBarcelona
94%
Keep The Blue Flag Flying High-Chelsea
83%
Superbia in ProelioPride In BattleManchester City
64%
Droit Au ButStraight To The GoalMarseille
64%
Nil Satis Nisi OptimumOnly The Best Is Good EnoughEverton
61%
Esforço, Dedicação, Devoção, GlóriaEffort, Dedication, Devotion, GlorySporting CP
50%
Audere Est FacereTo Dare Is To DoTottenham Hotspur
50%
Victoria Concordia CrescitVictory Through HarmonyArsenal
42%
Concordia Parvae Res CrescuntIn Harmony Small Things GrewLazio
22%

Score Distribution

Percentile by Number Answered

Percent of People with Each Score

Your Score History

You have not taken this quiz